Statistics for All of Tom Haverford's Business Ideas

Click here to take the quiz!

General Stats

  • This quiz has been taken 5 times
  • The average score is 10 of 25

Answer Stats

HintAnswer% Correct
Nightclub that’s only open for one hour two times a year, with a cover charge of $5,000Eclipse
80%
High-end Kahlúa-style liqueur composed of alcohol, coffe, sugar, and other junkSnake Juice
80%
Contact lenses that display ____ ________Text Messages
60%
High-end clothing rentals for "teens, tweens, and everything in-betweens”Rent-a-Swag
60%
A department store with a _____ ____Guest List
60%
All-media entertainment conglomerateEntertainment 720
60%
Tuxedo line for ______Babies
60%
White fur earmuffs ___ ___For Men
60%
Every time you pull one out, you get a little message to hype you up. “Blow that nose, playa!”Talking Tissues
60%
Gourmet alcoholic yogurtYogurt Platinum
40%
New cologneTommy Fresh
40%
Raunchy animated series based on the imaginary friendship between Tom and Jamie FoxxTommy and the Foxx
40%
Phone that ______ ____Smells Good
40%
Game show in which couples are asked scandalous questions and have to match answersKnow Ya Boo
40%
Saltines for ______Tweens
40%
New age Italian eateryTom's Bistro
40%
Apartment building constructed inside a _______ ___Private Jet
20%
New brand of bottled waterH2Ho
20%
Clubmarine
20%
LASIK for ___________Fingernails
20%
Laundry detergent with glitter in itSparkle Suds
20%
Submarine-themed night clubClub-a-Dub-Dub
20%
Escargot delivery serviceSnail Mail
20%
Butter with glitter in itDisco Dairy
20%
Toddler _______Cologne
20%

Score Distribution

Percentile by Number Answered

Percent of People with Each Score

Your Score History

You have not taken this quiz